000 01063cam a2200349 a 4500
001 5672
003 FISKH
005 20250428144402.0
008 961010s1997 nyu b 000 0 eng
010 _a 96044077
020 _a0590738038
020 _a9780590738033
040 _aDLC
_cDLC
_dDLC
_beng
050 _aHG221.B29
082 _a332.4
100 1 _aBarabas, Kathy,
_d1945-
245 1 0 _aLet's find out about money /
_cby Kathy Barabas ; [mint photographs by David Swanson].
260 _aNew York :
_bScholastic,
_c1997.
300 _a24 pages :
_bcolor illustrations ;
_c21 x 26 cm
490 1 _aLet's find out books
505 _aK
520 _aText and photographs depict the process of making money, from ores to finished coins.
521 8 _a520
_bLexile AD
521 8 _aK
_bRaz-Plus
650 0 _aMoney
_xJuvenile literature.
650 0 _aCoins
_xJuvenile literature.
650 1 _aCoins.
650 1 _aMoney.
906 _a7
_bcbc
_corignew
_d1
_eocip
_f19
_gy-gencatlg
942 _2ddc
_cBK
_n0
999 _c5672
_d5672